Countries with Largest Mountain Area - Statistics

General Stats
  • This quiz has been taken 23 times
  • The average score is 7 of 11
Answer Stats
Percentage of Area Country % Correct
80.7 Nepal
95%
83.6 Switzerland
90%
98.8 Bhutan
85%
91.9 Tajikistan
80%
90.7 Kyrgyzstan
75%
85.9 Armenia
55%
85.5 North Macedonia
45%
90.5 Lesotho
40%
89.3 Montenegro
40%
80.2 Kosovo
30%
81.1 Lebanon
20%
No matching quizzes found
Score Distribution
Percent of People with Each Score
Percentile by Number Answered
Your Score History
You have not taken this quiz